Same Named Celebrities by Picture VI Quiz Stats

 Plays Quiz Updated Jun 23, 2018

Score 0/15 Timer 04:00
13 Plays Today
% Correct
Clinton (Hillary & George)
95.4%
Freeman (Martin & Morgan)
92.2%
Cooper (Bradley & Alice)
88.7%
Harris (Neil Patrick & Kamala)
87.4%
Goodman (John & Benny)
85.9%
O'Brien (Conan & Soledad)
83.8%
Grant (Hugh & Amy)
79.1%
Gore (Al & Lesley)
75.1%
% Correct
Bush (Sophia & Barbara)
74.2%
McCarthy (Melissa & Andrew)
66.4%
Bloom (Orlando & Rachel)
63.4%
Burnett (Carol & Erin)
57.8%
Curry (Ann & Tim)
55.1%
Carpenter (Karen & Sabrina)
47.4%
Spencer (Abigail & Lara)
12%

You're not logged in!

Compare scores with friends on all Sporcle quizzes.
OR
Log In

Sporcle TV

Today on Sporcle TV


Watch our educational content, quiz creation guides, and fun videos on Sporcle TV.

Show Comments

Extras

Top Quizzes Today


Score Distribution

Your Account Isn't Verified!

In order to create a playlist on Sporcle, you need to verify the email address you used during registration. Go to your Sporcle Settings to finish the process.

Report this User

Report this user for behavior that violates our Community Guidelines.

Details: